লোডিং...
Teacher and school organizatiom /
| প্রধান লেখক: | |
|---|---|
| অন্যান্য লেখক: | |
| বিন্যাস: | Printed Book |
| ভাষা: | English |
| প্রকাশিত: |
Prentice Hall,
1966.
|
| সংস্করন: | 4th ed. |
| মালা: | Prentice-Hall education series
|
| LEADER | 00569nam a2200169Ia 4500 | ||
|---|---|---|---|
| 008 | 150624b xxu||||| |||| 00| 0 eng d | ||
| 082 | |a 371.200973 | ||
| 100 | |a Chamberlain, Leo M. | ||
| 245 | |a Teacher and school organizatiom / |c Leo M. Chamberlain | ||
| 250 | |a 4th ed. | ||
| 260 | |b Prentice Hall, |c 1966. | ||
| 300 | |a 489 p. | ||
| 490 | |a Prentice-Hall education series | ||
| 700 | |a Kindred, Leslie W. | ||
| 942 | |c BK | ||
| 999 | |c 12326 |d 12326 | ||
| 952 | |0 0 |1 0 |4 0 |6 371_200973000000000_CHA_T |7 0 |9 12325 |a UL |b UL |c ST2 |d 1998-09-01 |l 0 |o 371.200973 CHA/T |p 18339 |r 2012-10-27 |w 2012-10-27 |y BK | ||